000 00939nam a22001817a 4500
003 OSt
005 20140407164305.0
008 131129b xxu||||| |||| 00| 0 eng d
040 _cमराठी
100 _aशालिग्राम, शंकर तुकाराम
245 _aइतिहास प्रसिद्ध पुरूषांचे व स्त्रियांचे पोवाडे
260 _aमुबंई
_bनिर्णय सागर छापखांन्यांत छापिले
_c1891
300 _a२८७ पृष्ठे
520 _aइतिहास, पोवाडे, पुरूषांचे व स्त्रियांचे पोवाडे
653 _aइतिहास, पोवाडे
856 _uhttp://dspace.vpmthane.org:8080/jspui/bitstream/123456789/3551/1/210Itihsa%20Prasiddha%20Povade_%20Shaligram.pdf
942 _2ddc
_cEBOOK
999 _c836979
_d836976